Silencio / (Registro nro. 3249)

Detalles MARC
000 -LEADER
fixed length control field 01132nam a2200193 a 4500
008 - CAMPO DE CONTROL (LIBRO)
fixed length control field 180918t2011 sp |||g||||| 001 1 spa d
020 ## - INTERNATIONAL STANDARD BOOK NUMBER
ISBN 9789876272728
041 ## - CODIGO DE IDIOMA
Código de idioma del texto/pista de sonido o título separado spa
092 ## - SIGNATURA TOPOGRAFICA DEWEY LOCAL
número de clasificación 808
libristica 25
sección FIT
100 1# - ENTRADA PRINCIPAL--NOMBRE PERSONAL
Nombre personal Fitzpatrick, Becca
9 (RLIN) 4303
245 ## - TITULO PROPIAMENTE DICHO
Título Silencio /
Mención de responsabilidad y remanente de la transcripción de la portada Becca Fitzpatrick
250 ## - MENCION DE EDICION
Mención de edición 1a ed.
Mención de responsabilidad relacionada con la ed. Traducción Irene Saslavsky
260 ## - PIE DE IMPRENTA
Lugar de publicación, distribución, etc Barcelona:
Nombre de la editorial, distribuidor, etc Ediciones B;
Fecha de publicación 2011.
300 ## - DESCRIPCION FISICA
Extension 412 p.
500 ## - NOTA GENERAL
Nota general Fitzpatrick, B. (2011). Silencio. (1a ed.). Barcelona : Ediciones B.
505 ## - NOTA DE CONTENIDO
Nota de contenido formateada La confusión se ha disipado y ya no hay nada que perturbe la relación entre Patch y Nora. Han superado los secretos que se escondían en el oscuro pasado de Patch..., han atravesado mundo irreconciliables..., se han enfrentado a pruebas sobrecogedoras de traición, lealtad y confianza..., y todo ello por un amor que trasciende los límites entre el cielo y la tierra. Armados con la fe absoluta que tienen el uno en el otro, Patch y Nora se enfrentan ahora a un villano que pretende acabar con cuanto han luchado por conseguir de una vez y para siempre, incluido su amor.
655 ## - MATERIA - GENERO/FORMA
Género/Forma Literatura
-- 2917
942 ## - ADDED ENTRY ELEMENTS (KOHA)
Source of classification or shelving scheme Dewey Decimal Classification
Item type LITERATURA
Existencias
Estado de retiro Existencia Fuente de clasificación Estado general No para prestamo Ubicación permanente ubicación actual Sala de ubicación Fecha de adquisición Fuente de adquisición Total Checkouts Número de clasificación Código de barras Date last seen Número de ejemplar Price effective from Koha tipo de elemento (item) Public note Coded location qualifier
    Dewey Decimal Classification     Biblioteca Medicina Biblioteca Medicina Circulación 23/04/2025 Donación Abril 2025. Chiara Montenegro   808 25 FIT 5005 23/04/2025 Ej.1 23/04/2025 LITERATURA Donación Abril 2025. Chiara Montenegro. Sede Tordos.  

UNIVERSIDAD NACIONAL DEL COMAHUE
Biblioteca de la Facultad de Ciencias Médicas
Sede Toschi: Los Arrayanes y Av. Toschi, Cipolletti  - Rio Negro
Sede Los Tordos:  Yrigoyen al 2211, Cipolletti - Rio Negro 

Teléfono: 0299 - 4774707 int 25
Contacto: biblioteca@facimed.uncoma.edu.ar
© 2011 - 2026